Исследование растворимости биосовместимых покрытий в физиологических средах; Материалы и технологии новых поколений в современном материаловедении

Bibliografiske detaljer
Parent link:Материалы и технологии новых поколений в современном материаловедении.— 2015.— [С. 145-148]
Hovedforfatter: Бойцова Е. Л. Елена Львовна
Corporate Authors: Национальный исследовательский Томский политехнический университет (ТПУ) Физико-технический институт (ФТИ) Кафедра экспериментальной физики (ЭФ), Национальный исследовательский Томский политехнический университет (ТПУ) Физико-технический институт (ФТИ) Кафедра химической технологии редких, рассеянных и радиоактивных элементов (№ 43) (ХТРЭ)
Andre forfattere: Леонова Л. А. Лилия Александровна
Summary:Заглавие с титульного экрана
Studies of biological coatings on titanium, deposited by reactive sputtering, seem to be very relevant. The oxide coating medical implants, produced by electrochemical oxidation and thermal gas species, protect the metal substrate from the corrosive effects of fluids (blood, lymph, interstitial fluid) due to electrochemical protective action, significantly reducing the tendency to corrosion of implans. The aim of this work is to determine the conditions of solubility coatings.
Sprog:russisk
Udgivet: 2015
Serier:Поверхностное упрочнение и защитные покрытия
Fag:
Online adgang:http://earchive.tpu.ru/handle/11683/18259
http://www.lib.tpu.ru/fulltext/c/2015/C39/033.pdf
Format: Electronisk Book Chapter
KOHA link:https://koha.lib.tpu.ru/cgi-bin/koha/opac-detail.pl?biblionumber=616417

MARC

LEADER 00000naa2a2200000 4500
001 616417
005 20240228121523.0
035 |a (RuTPU)RU\TPU\conf\14655 
035 |a RU\TPU\conf\14652 
090 |a 616417 
100 |a 20151225d2015 k y0rusy50 ca 
101 0 |a rus 
102 |a RU 
105 |a y z 101zy 
135 |a drcn ---uucaa 
181 0 |a i  
182 0 |a b 
200 1 |a Исследование растворимости биосовместимых покрытий в физиологических средах  |d The study of biocompatible coatings solubility in boilogical fluids  |f Е. Л. Бойцова, Л. А. Леонова 
203 |a Текст  |c электронный 
225 1 |a Поверхностное упрочнение и защитные покрытия 
300 |a Заглавие с титульного экрана 
320 |a [Библиогр.: с. 148 (8 назв.)] 
330 |a Studies of biological coatings on titanium, deposited by reactive sputtering, seem to be very relevant. The oxide coating medical implants, produced by electrochemical oxidation and thermal gas species, protect the metal substrate from the corrosive effects of fluids (blood, lymph, interstitial fluid) due to electrochemical protective action, significantly reducing the tendency to corrosion of implans. The aim of this work is to determine the conditions of solubility coatings. 
337 |a Adobe Reader 
463 0 |0 (RuTPU)RU\TPU\conf\14276  |t Материалы и технологии новых поколений в современном материаловедении  |o сборник трудов Международной конференции с элементами научной школы для молодежи, г. Томск, 9 – 11 ноября 2015 г.  |f Национальный исследовательский Томский политехнический университет (ТПУ) ; Академия наук СССР (АН СССР), Сибирское отделение (СО), Институт физики прочности и материаловедения (ИФПМ) ; Российский фонд фундаментальных исследований (РФФИ)  |v [С. 145-148]  |d 2015 
510 1 |a The study of biocompatible coatings solubility in boilogical fluids  |z eng 
610 1 |a труды учёных ТПУ 
610 1 |a электронный ресурс 
610 1 |a растворимость 
610 1 |a биосовместимые покрытия 
610 1 |a физиологические среды 
610 1 |a оксидные покрытия 
700 1 |a Бойцова  |b Е. Л.  |c физик  |c доцент Томского политехнического университета, кандидат технических наук  |f 1975-  |g Елена Львовна  |y Томск  |3 (RuTPU)RU\TPU\pers\34868  |9 18204 
701 1 |a Леонова  |b Л. А.  |c химик-технолог  |c доцент Томского политехнического университета, кандидат технических наук  |c девичья фамилия Филатова  |f 1983-  |g Лилия Александровна  |3 (RuTPU)RU\TPU\pers\25860  |9 11728 
712 0 2 |a Национальный исследовательский Томский политехнический университет (ТПУ)  |b Физико-технический институт (ФТИ)  |b Кафедра экспериментальной физики (ЭФ)  |3 (RuTPU)RU\TPU\col\21255 
712 0 2 |a Национальный исследовательский Томский политехнический университет (ТПУ)  |b Физико-технический институт (ФТИ)  |b Кафедра химической технологии редких, рассеянных и радиоактивных элементов (№ 43) (ХТРЭ)  |3 (RuTPU)RU\TPU\col\18733 
801 2 |a RU  |b 63413507  |c 20210209  |g RCR 
856 4 |u http://earchive.tpu.ru/handle/11683/18259 
856 4 |u http://www.lib.tpu.ru/fulltext/c/2015/C39/033.pdf 
942 |c BK